One Artist, Two Different Number Ones II Quiz Stats

 Plays Quiz Updated Aug 5, 2018

Score 0/25 Timer 10:00
3 Plays Today
% Correct
Gettin' Jiggy Wit It
81.7%
Physical
73.3%
The Sign
60.5%
Bootylicious
55.3%
Get Outta My Dreams, Get Into My Car
51.1%
American Pie
50.6%
Moves Like Jagger
47.9%
Bailamos
47.7%
Whatever Gets You Thru the Night
45.9%
When Doves Cry
45.8%
Step by Step
45.5%
(You're My) Soul and Inspiration
44.5%
Jive Talkin'
44.3%
% Correct
If You Had My Love
42.7%
Rapture
42.3%
Take On Me
37.4%
Empire State Of Mind
36.7%
Listen to What the Man Said
34.5%
Tonight's the Night (Gonna Be Alright)
28%
Get Down Tonight
27.7%
Hot in Herre
24.1%
If You Don't Know Me By Now
23.7%
Running Scared
22.7%
Whatcha Say
18.5%
Don't Matter
18.4%

You're not logged in!

Compare scores with friends on all Sporcle quizzes.
OR
Log In

You Might Also Like...

Show Comments

Extras

Top Quizzes Today


Score Distribution

Your Account Isn't Verified!

In order to create a playlist on Sporcle, you need to verify the email address you used during registration. Go to your Sporcle Settings to finish the process.

Report this User

Report this user for behavior that violates our Community Guidelines.

Details: